[Event "Oskarja Memorial 10th"]
[Site "Chess.com INT"]
[Date "2021.01.16"]
[Round "7"]
[White "Slejko, Vladimir"]
[Black "Hajna, Jurij"]
[Result "1-0"]
[WhiteElo "1894"]
[BlackElo "1963"]
[PlyCount "95"]
[EventDate "2021.01.16"]
[EventType "swiss (blitz)"]
[EventRounds "15"]
[EventCountry "SLO"]
[SourceTitle "CBM 200 Extra"]
[Source "ChessBase"]
[SourceDate "2021.03.31"]
[SourceVersion "1"]
[SourceVersionDate "2021.03.31"]
[SourceQuality "1"]

1. b3 c6 2. Bb2 d5 3. g3 Bf5 4. Bg2 Nd7 5. d3 e5 6. Nc3 Bd6 7. e4 dxe4 8. dxe4 Bb4 9. exf5 Qa5 10. Nge2 Kd8 11. 0-0 h5 12. a3 Be7 13. Ne4 Qc7 14. Qd3 Ke8 15. Rad1 Nc5 16. Nxc5 Bxc5 17. b4 Be7 18. c4 Nf6 19. h3 h4 20. g4 Nxg4 21. hxg4 h3 22. Bxh3 e4 23. Qe3 f6 24. f4 exf3 25. Rxf3 Kf8 26. Nd4 Qc8 27. Ne6+ Kg8 28. Qd3 Qc7 29. Qd7 Qxd7 30. Rxd7 Re8 31. Kg2 a5 32. c5 axb4 33. axb4 Bf8 34. Rfd3 Ra8 35. Nxf8 Ra2 36. Rd2 Kxf8 37. Rd8+ Kf7 38. Rxh8 Ra4 39. Bc3 Ra3 40. Rd3 Ra2+ 41. Kg3 g5 42. Rh7+ Kg8 43. Rxb7 Ra8 44. Bg2 Rc8 45. Bxc6 Ra8 46. Rdd7 Rc8 47. Rg7+ Kf8 48. Rbf7# 1-0

[Event "SLO-chT2 West"]
[Site "Slovenia"]
[Date "2010.11.07"]
[Round "4.1"]
[White "Hajna, Jurij"]
[Black "Piskur, Mitja"]
[Result "0-1"]
[WhiteElo "2074"]
[BlackElo "2292"]
[PlyCount "84"]
[EventDate "2010.11.05"]
[EventType "team-tourn"]
[EventRounds "9"]
[EventCountry "SLO"]
[SourceTitle "EXT 2022"]
[Source "ChessBase"]
[SourceDate "2021.10.06"]
[SourceVersion "1"]
[SourceVersionDate "2021.10.06"]
[SourceQuality "1"]

1. d4 d6 2. e4 e5 3. c3 Nf6 4. Bd3 g6 5. Ne2 Bg7 6. 0-0 0-0 7. Nd2 Nbd7 8. Re1 Nh5 9. Nf1 f5 10. exf5 gxf5 11. Bc4+ Kh8 12. dxe5 Nxe5 13. Nd4 Qh4 14. Be2 Nf4 15. Nf3 Qg5 16. Bxf4 Qxf4 17. Ng3 Qh6 18. Nh5 Nxf3+ 19. Bxf3 Be5 20. Ng3 c6 21. Qd3 f4 22. Nf1 Bf5 23. Qd2 Rf6 24. c4 Rg8 25. c5 Qg7 26. cxd6 Rg6 27. g3 Rxd6 28. Qb4 Rh6 29. Rxe5 Qxe5 30. Re1 Qd6 31. Qxb7 Qf6 32. Rc1 fxg3 33. hxg3 Bh3 34. Nh2 Qe5 35. Nf1 Rf6 36. Rc3 Rgf8 37. Re3 Qf5 38. Nd2 Qc2 39. Qb4 Qc1+ 40. Kh2 Bg4 41. Qd4 c5 42. Qxg4 Rh6+ 0-1

[Event "SLO-chT2 West"]
[Site "Slovenia"]
[Date "2010.11.06"]
[Round "3.1"]
[White "Hajna, Jurij"]
[Black "Kutin, Boris"]
[Result "1-0"]
[WhiteElo "2074"]
[BlackElo "1990"]
[PlyCount "78"]
[EventDate "2010.11.05"]
[EventType "team-tourn"]
[EventRounds "9"]
[EventCountry "SLO"]
[SourceTitle "EXT 2022"]
[Source "ChessBase"]
[SourceDate "2021.10.06"]
[SourceVersion "1"]
[SourceVersionDate "2021.10.06"]
[SourceQuality "1"]

1. d4 d5 2. c4 c6 3. Nc3 e6 4. Nf3 dxc4 5. e4 b5 6. Be2 Bb4 7. 0-0 Bxc3 8. bxc3 Ne7 9. Ne5 0-0 10. f4 Bb7 11. Qc2 Nd7 12. Nxd7 Qxd7 13. Ba3 Rfe8 14. Rf3 a5 15. Bc5 g6 16. e5 Nd5 17. Raf1 Ba6 18. a3 Reb8 19. g4 Kh8 20. Qc1 Rg8 21. Kh1 Bc8 22. f5 gxf5 23. Qh6 Rg6 24. Qh5 Qe8 25. Rh3 Qg8 26. Rg3 Bd7 27. Rfg1 f4 28. Rh3 Qg7 29. Bf3 f6 30. exf6 Nxf6 31. Bd6 Rg8 32. Be5 Rf8 33. g5 Kg8 34. Rg2 Qf7 35. gxf6 Rxg2 36. Kxg2 Qg6+ 37. Kf2 b4 38. Qg4 Kf7 39. Be4 Qg8 1-0

[Event "SLO-chT2 West"]
[Site "Slovenia"]
[Date "2010.11.06"]
[Round "2.1"]
[White "Solmajer, Luka"]
[Black "Hajna, Jurij"]
[Result "0-1"]
[WhiteElo "2080"]
[BlackElo "2074"]
[PlyCount "86"]
[EventDate "2010.11.05"]
[EventType "team-tourn"]
[EventRounds "9"]
[EventCountry "SLO"]
[SourceTitle "EXT 2022"]
[Source "ChessBase"]
[SourceDate "2021.10.06"]
[SourceVersion "1"]
[SourceVersionDate "2021.10.06"]
[SourceQuality "1"]

1. d4 c6 2. c4 d5 3. Nc3 Nf6 4. Nf3 e6 5. e3 Nbd7 6. Qc2 Bd6 7. Be2 0-0 8. 0-0 a6 9. e4 dxe4 10. Nxe4 Nxe4 11. Qxe4 Re8 12. Bd3 Nf8 13. Ne5 f6 14. Nf3 Bd7 15. c5 Bc7 16. Bf4 Qb8 17. Bxc7 Qxc7 18. h4 Rad8 19. Rfe1 Bc8 20. b4 Kh8 21. a4 Ng6 22. h5 Nf8 23. Bc4 Qf7 24. b5 axb5 25. axb5 Qxh5 26. bxc6 bxc6 27. Qxc6 g5 28. Qe4 Ng6 29. d5 e5 30. Ra7 g4 31. Nh2 f5 32. Qc2 f4 33. d6 g3 34. Nf3 Bg4 35. Bd5 Nh4 36. Nxe5 Nf3+ 37. Bxf3 Qh2+ 38. Kf1 Qh1+ 39. Ke2 Rxe5+ 40. Kd3 Qxe1 41. Bxg4 Qe4+ 42. Kd2 Qxc2+ 43. Kxc2 gxf2 0-1

[Event "SLO-chT2 West"]
[Site "Postojna"]
[Date "2009.11.08"]
[Round "9.1"]
[White "Solmajer, Luka"]
[Black "Hajna, Jurij"]
[Result "1/2-1/2"]
[WhiteElo "2039"]
[BlackElo "2057"]
[PlyCount "81"]
[EventDate "2009.10.23"]
[EventType "team-tourn"]
[EventRounds "9"]
[EventCountry "SLO"]
[SourceTitle "EXT 2010"]
[Source "ChessBase"]
[SourceDate "2010.11.25"]
[SourceVersion "1"]
[SourceVersionDate "2010.11.25"]
[SourceQuality "1"]
[WhiteTeam "Lojz Kraigher"]
[BlackTeam "Postojna"]
[WhiteTeamCountry "SLO"]
[BlackTeamCountry "SLO"]

1. d4 d5 2. c4 c6 3. Nc3 Nf6 4. Nf3 e6 5. e3 Be7 6. Qc2 Nbd7 7. Be2 0-0 8. 0-0 b6 9. e4 dxe4 10. Nxe4 Bb7 11. Rd1 Qc7 12. Nxf6+ Bxf6 13. c5 Rfd8 14. Ng5 Nf8 15. Be3 b5 16. Ne4 Be7 17. g3 a5 18. Bf4 Qd7 19. Bd6 Re8 20. Bxe7 Rxe7 21. Bf3 Qc7 22. Nd6 Ra7 23. Qe4 Ba8 24. h4 Nd7 25. h5 Nf6 26. Qh4 h6 27. g4 Ne8 28. Ne4 Qf4 29. Kg2 f5 30. Qg3 Qxg3+ 31. Nxg3 fxg4 32. Bxg4 Nf6 33. f3 Rad7 34. Ne4 Rd5 35. Rd2 Nxh5 36. Re1 Kf8 37. Nd6 Nf4+ 38. Kg3 g5 39. Nc8 Re8 40. Nd6 Re7 41. Nc8 1/2-1/2

[Event "SLO-chT2 West"]
[Site "Postojna"]
[Date "2009.10.25"]
[Round "5.1"]
[White "Hajna, Jurij"]
[Black "Karamehmedovic, Fahrudin"]
[Result "1-0"]
[WhiteElo "2057"]
[BlackElo "2068"]
[PlyCount "93"]
[EventDate "2009.10.23"]
[EventType "team-tourn"]
[EventRounds "9"]
[EventCountry "SLO"]
[SourceTitle "EXT 2010"]
[Source "ChessBase"]
[SourceDate "2010.11.25"]
[SourceVersion "1"]
[SourceVersionDate "2010.11.25"]
[SourceQuality "1"]
[WhiteTeam "Postojna"]
[BlackTeam "Podpec"]
[WhiteTeamCountry "SLO"]
[BlackTeamCountry "SLO"]

1. d4 Nf6 2. Nf3 e6 3. Bf4 c5 4. e3 d5 5. c3 Nc6 6. Bd3 b6 7. Nbd2 Bd6 8. Ne5 Bxe5 9. Bxe5 Nxe5 10. dxe5 Nd7 11. f4 0-0 12. Qh5 g6 13. Qh3 Kg7 14. Nf3 h6 15. g4 f5 16. 0-0-0 Qe7 17. Rhg1 Rf7 18. gxf5 exf5 19. Nh4 Nf8 20. Bxf5 Bxf5 21. Nxf5+ Rxf5 22. Qxf5 Kh7 23. Qg4 Rd8 24. h4 Qe6 25. Qxe6 Nxe6 26. Rd2 d4 27. h5 g5 28. f5 Ng7 29. f6 Ne6 30. Rgd1 Kg8 31. exd4 cxd4 32. cxd4 Kf7 33. Kc2 Nf4 34. Rh1 Ke6 35. Kc3 b5 36. Kb4 a6 37. Ka5 Rc8 38. Kxa6 b4 39. Ka5 Nd5 40. Ka4 Ra8+ 41. Kb3 Rb8 42. Rc2 Rb7 43. Rc8 Nf4 44. Rh8 Ne2 45. Rd1 Rd7 46. d5+ Kxe5 47. Re1 1-0

[Event "SLO-chT2 West"]
[Site "Kranj"]
[Date "2008.10.18"]
[Round "6.1"]
[White "Hajna, Jurij"]
[Black "Zupancic, Jernej"]
[Result "1/2-1/2"]
[WhiteElo "2127"]
[BlackElo "2025"]
[PlyCount "70"]
[EventDate "2008.10.11"]
[EventType "team-swiss"]
[EventRounds "9"]
[EventCountry "SLO"]
[SourceTitle "EXT 2010"]
[Source "ChessBase"]
[SourceDate "2010.11.25"]
[SourceVersion "1"]
[SourceVersionDate "2010.11.25"]
[SourceQuality "1"]
[WhiteTeam "Postojna"]
[BlackTeam "Krka Novo Mesto"]
[WhiteTeamCountry "SLO"]
[BlackTeamCountry "SLO"]

1. d4 Nf6 2. Nd2 d5 3. g3 Nc6 4. c3 e5 5. dxe5 Nxe5 6. Ngf3 Bd6 7. Bg2 c6 8. Nxe5 Bxe5 9. Nf3 Bc7 10. 0-0 0-0 11. Be3 Ne4 12. Nd2 f5 13. Nxe4 fxe4 14. Qb3 Qe7 15. Rad1 b5 16. Qc2 Be6 17. b4 Rfd8 18. Qd2 h6 19. Bd4 a5 20. a3 axb4 21. axb4 Ra4 22. f3 Bf5 23. Qe3 Qe6 24. fxe4 Bxe4 25. Rf2 Rda8 26. Rdf1 Ra1 27. Rf8+ Kh7 28. Rxa8 Rxa8 29. c4 bxc4 30. Bxe4+ dxe4 31. Qc3 Qg6 32. Qxc4 Bxg3 33. Qf7 Bh4+ 34. Qxg6+ Kxg6 35. Rf4 Bf6 1/2-1/2

[Event "SLO-chT2 West"]
[Site "Kranj"]
[Date "2008.10.11"]
[Round "2.1"]
[White "Hajna, Jurij"]
[Black "Lucovnik, Tilen"]
[Result "1-0"]
[WhiteElo "2127"]
[BlackElo "1572"]
[PlyCount "41"]
[EventDate "2008.10.11"]
[EventType "team-swiss"]
[EventRounds "9"]
[EventCountry "SLO"]
[SourceTitle "EXT 2010"]
[Source "ChessBase"]
[SourceDate "2010.11.25"]
[SourceVersion "1"]
[SourceVersionDate "2010.11.25"]
[SourceQuality "1"]
[WhiteTeam "Postojna"]
[BlackTeam "Komenda Pogi"]
[WhiteTeamCountry "SLO"]
[BlackTeamCountry "SLO"]

1. d4 e6 2. Nf3 c5 3. e4 cxd4 4. Nxd4 a6 5. Bd3 Nf6 6. 0-0 Nc6 7. c3 Qc7 8. Kh1 d5 9. Nd2 dxe4 10. Nxe4 Nxe4 11. Bxe4 Bd7 12. Be3 Rd8 13. f4 Bd6 14. Qf3 f5 15. Bc2 0-0 16. Qf2 Rf6 17. Nxc6 Qxc6 18. Rad1 e5 19. Bb3+ Be6 20. fxe5 Bxb3 21. axb3 1-0